01524nam2a22002771 4500001001100000005001700011021001900028035002600047100004100073101000800114102000700122105001800129200025800147210001800405215003100423320005300454461042800507606003700935606006800972606003501040702007101075702003601146801001801182801002201200852002401222rc\402169420250611061156.0 aRUb[60-39141] a(NLR Aleph) 008086918 a20130415d1960 |||y0rusy50 ca0 arus aRU ac z |||||1 a[Основы общей бактериологииaБиологические процессы разрушения бактерийaИнфекция и иммунитетaСтатьи и доклады]fПод ред. В.Л. Троицкого d1960aБ. м. a346 с., 1 л. портр. aБиблиогр. в конце разделов 01001rc\402169012001#$aСобрание сочинений$fРед. коллегия: В.Д. Тимаков (ред.) [и др.]$gАкад. мед. наук СССР. Т. 1-$vТ. 41700#1$aГамалея$bН.Ф.$gНиколай ФедоровичaГамалея, Н.Ф.cМоскваd1956fРед. коллегия: В.Д. Тимаков (ред.) [и др.]nМедгизtСобрание сочиненийvТ. 4 aИммунитет (т. 4)2psbo aМикробиология медицинская (т. 4)2psbo aИнфекция (т. 4)2psbo 1aТимаковbВ.Д.gВладимир Дмитриевич4340 1aТроицкийbВ.Л.4340 0aRUbNLRgpsbo 1aRUbELAR2rusmarc aNLRjМк02 Г-7/16